• 首页
  • 本馆介绍
  • 公告通知
  • 最新文献
  • 馆藏检索
  • 电子资源
  • 读者导购
  • 参考咨询
  • 我的图书馆
  • 登录
  • 详细信息显示
  • 放入我的书架
  • 预约/预借图书
  • 作者相关作品
  • 分类相关作品
  • 丛书相关作品
  • 出版社相关作品

书目信息

  • 表格格式
  • 工作单格式
  • 卡片格式
题名:
世界近代史
    
 
作者: 潘润涵 , 林承节 著
分册:  
出版信息: 北京   北京大学出版社  2000
页数: 797页
开本: 20cm
丛书名:
单 册:
中图分类: K14
科图分类:
主题词: 世界史--近代史
电子资源:
ISBN: 7-301-04270-1
000 00698nam0 2200229 45
001 012000029332
005 20050315161929.2
010    @a7-301-04270-1@dCNY35.00
100    @a20000705d2000 kemy0chiy0120 ea
101 0  @achi
102    @aCN@b110000
105    @ay z 000yy
200 1  @a世界近代史@Ashi jie jin dai shi@f潘润涵,林承节著@FPan Run Han,Lin Cheng Jie Zhu
210    @a北京@c北京大学出版社@d2000
215    @a797页@d20cm
330    @a本书论述了1640年英国资产阶级革命到1917年第一次世界大战结束二百多年间的世界历史。
606    @a世界史@x近代史
690    @aK14@v4
701  0 @a潘润涵@4著
701  0 @a林承节@4著
801  0 @aCN@bNLC@c20000712
905    @b345031-035@dK14@e118@f5
    
    世界近代史/潘润涵,林承节著.-北京:北京大学出版社,2000
    797页;20cm
    
    
    ISBN 7-301-04270-1:CNY35.00
    本书论述了1640年英国资产阶级革命到1917年第一次世界大战结束二百多年间的世界历史。
●
相关链接 在E读中查询图书 在五车中查询图书 在当当中查询图书 在豆瓣中查询图书


正题名:世界近代史     索取号:K14/118         预约/预借

序号 登录号 条形码 馆藏地/架位号 状态 备注
1 0345031   203450318   第二样本阅览室/ [索取号:K14/118] 在馆    
2 0345032   203450327   第二借阅区/ [索取号:K14/118] 在馆    
3 0345033   203450336   第二借阅区/ [索取号:K14/118] 在馆    
4 0345034   203450345   第二借阅区/ [索取号:K14/118] 在馆    
5 0345035   203450354   第二借阅区/ [索取号:K14/118] 在馆    
唐山师范学院图书馆 欢迎您!
大连网信软件有限公司© 版权所有